Desarrollo constitucional de Honduras de 1975-1980
Guardado en:
| Hovedforfatter: | |
|---|---|
| Institution som forfatter: | |
| Format: | Texto |
| Udgivet: |
Tegucigalpa:
Editorial Universitaria
|
| Tags: |
Tilføj Tag
Ingen Tags, Vær først til at tagge denne postø!
|
MARC
| LEADER | 00000 a a2200000 04500 | ||
|---|---|---|---|
| 001 | 21681 | ||
| 003 | |||
| 040 | |||
| 090 | |a 096700 | ||
| 100 | |a Ramos Soto, Jorge Oswaldo | ||
| 110 | |a Universidad Nacional Autónoma de Honduras | ||
| 245 | |a Desarrollo constitucional de Honduras de 1975-1980 | ||
| 260 | |a Tegucigalpa: |b Editorial Universitaria | ||
| 300 | |a 27 p. | ||
| 999 | |c 3827 |d 3827 | ||
